Feast and fasts (Record no. 966298)

MARC details
000 -LEADER
fixed length control field 00794nam a2200253Ia 4500
003 - CONTROL NUMBER IDENTIFIER
control field OSt
005 - DATE AND TIME OF LATEST TRANSACTION
control field 20221005060202.0
008 - FIXED-LENGTH DATA ELEMENTS--GENERAL INFORMATION
fixed length control field 221004b |||||||| |||| 00| 0 eng d
020 ## - INTERNATIONAL STANDARD BOOK NUMBER
International Standard Book Number 9781780233529 (hbk)
037 ## - SOURCE OF ACQUISITION
Terms of availability Textual
040 ## - CATALOGING SOURCE
Original cataloging agency CRL
Transcribing agency CRL
Language of cataloging eng
041 ## - LANGUAGE CODE
Source of code eng
Language code of text/sound track or separate title eng
100 ## - MAIN ENTRY--PERSONAL NAME
Personal name Sen Colleen Taylor
9 (RLIN) 599437
245 #0 - TITLE STATEMENT
Title Feast and fasts
Remainder of title A history of food in India
260 ## - PUBLICATION, DISTRIBUTION, ETC.
Place of publication, distribution, etc. London
Name of publisher, distributor, etc. Reaktion Books ltd. UK
Date of publication, distribution, etc. 2015
300 ## - PHYSICAL DESCRIPTION
Extent 349p.
Dimensions cm.
650 ## - SUBJECT ADDED ENTRY--TOPICAL TERM
Topical term or geographic name entry element AGRICULTURE
942 ## - ADDED ENTRY ELEMENTS (KOHA)
Classification part J3.2, Q5
Koha item type Textual
Source of classification or shelving scheme
Holdings
Withdrawn status Lost status Damaged status Not for loan Home library Current library Date acquired Source of acquisition Cost, normal purchase price Total Checkouts Full call number Barcode Date last seen Cost, replacement price Price effective from Koha item type
        Central Library Central Library 2022-10-05 107056, 22/12/2015, International Book Distributors 2491.25   J3.2 Q5 CL1612035 2022-10-05 2491.25 2022-10-05 Textual
Copyright @ Delhi University Library System